Statistiques concernant Buteurs espagnols en Coupe du Monde

Cliquez ici pour prendre le quiz!

Statistiques générales

  • Ce quiz a été pris 104 fois
    (54 depuis la dernière actualisation)
  • Le résultat moyen est 12 sur 54

Statistiques - réponses

Nombre de butsClubNom du joueur% Correct
2FC BarceloneAndrés Iniesta
92%
4Atlético Madrid, ChelseaFernando Torres
90%
9FC Valence, Atlético MadridDavid Villa
86%
2FC BarceloneFerran Torres
84%
5Real MadridRaúl
70%
3Atlético MadridÁlvaro Morata
68%
1FC BarceloneCarles Puyol
68%
1FC BarceloneGavi
64%
2Real Sociedad, Real MadridXabi Alonso
52%
3Atlético MadridDiego Costa
46%
5Real MadridFernando Hierro
46%
1FC BarceloneJuan Manuel Asensi
44%
1RB LeipzigDani Olmo
38%
5Real MadridEmilio Butragueño
38%
5Real MadridFernando Morientes
38%
1Celta VigoIago Aspas
36%
1Real MadridMarco Asensio
36%
1Real MadridNacho
32%
1Paris Saint-GermainCarlos Soler
28%
1Real MadridIsco
28%
1FC BarcelonePep Guardiola
26%
2Real Madrid, FC BarceloneLuis Enrique
18%
1ChelseaJuan Mata
16%
4Real MadridMíchel
10%
1Athletic BilbaoDani
6%
1Atlético MadridKiko
6%
1Real MadridAmancio
4%
1Sporting GijonEloy
4%
3Athletic Bilbao, FC BarceloneJulio Salinas
4%
1Real MadridPirri
4%
2FC BarceloneRamón Calderé
4%
4Athletic BilbaoTelmo Zarra
4%
1Atlético MadridAdelardo
2%
1Real SociedadAlberto Górriz
2%
1Athletic BilbaoAndoni Goikoetxea
2%
1FC ValenceEnrique Saura
2%
4FC BarceloneEstanislau Basora
2%
1SS LazioGaizka Mendieta
2%
2FC BarceloneIon Andoni Goikoetxea
2%
1Real OviedoIsidro Lángara
2%
1Real SociedadJesús María Zamora
2%
1Atlético MadridJoaquín Peiró
2%
2Athletic BilbaoJosé Iraragorri
2%
3Atlético MadridJosé Luis Caminero
2%
1FC BarceloneJosep Maria Fusté
2%
1Real SaragosseJuan Antonio Señor
2%
1Deportivo La CorogneJuan Carlos Valerón
2%
1Real MadridJuanito
2%
1Bétis SévilleJuanito
2%
1Real MadridLuis Regueiro
2%
1Real MadridManuel Sanchís
2%
1Real SociedadRoberto López Ufarte
2%
2FC ValenceSilvestre Igoa
2%
1FC BarceloneTxiki Bergiristain
2%

Distribution des résultats

Percentile par nombre de réponses

% des personnes avec chaque résultat

Votre développement - résultats

Vous n’avez pas pris ce quiz depuis la dernière actualisation